000 02155cam a2200289 4500500
005 20260208005221.0
041 _afre
042 _adc
100 1 0 _aGross, Guillaume
_eauthor
245 0 0 _aChanter en polyphonie à Notre-Dame de Paris sous le règne de Philippe Auguste : un art de la magnificence
260 _c2006.
500 _a72
520 _aRÉSUMÉ La polyphonie chantée au chœur de la nouvelle église de Paris à la fin du XIIe siècle a marqué son temps par son étonnante splendeur. Exécuté pour les grandes fêtes liturgiques de la cathédrale Notre-Dame, l’ organum est la marque distinctive d’une élite de clercs seuls capables de produire de telles compositions. Cet article montre une pratique musicale ancrée dans un contexte intellectuel alors propice à l’ ex tempore dicendi où l’apprentissage des techniques mémorielles, l’étude très poussée et le maniement virtuose de la langue latine sont au cœur du système éducatif. Des solistes émérites, rompus à la discipline intellectuelle de l’orateur, ont réussi à chanter de mémoire ces majestueuses fresques qui ont enflammé l’imagination des médiévaux.
520 _aABSTRACT Polyphony at two, three and four voices was sung at the new church of Paris at the end of the XIIth century. The great organa were composed by a choice-part of clerics to celebrate the major feasts of the cathedral Notre-Dame. This study shows how the cantors were able to create by memory such noble compositions (tripla and quadrupla ). It explains a musical practice in his cultural context and the main things of mnemotechnics and Latin’s learning in medieval education.
690 _amémoire
690 _aMoyen Âge
690 _amusique polyphonique
690 _aNotre-Dame de Paris
690 _arhétorique
690 _aMemory
690 _aMiddle Ages
690 _aNotre-Dame of Paris
690 _aPolyphonic Music
690 _aRhetoric
786 0 _nRevue historique | 639 | 3 | 2006-09-01 | p. 609-634 | 0035-3264
856 4 1 _uhttps://shs.cairn.info/revue-historique-2006-3-page-609?lang=fr&redirect-ssocas=7080
999 _c1651094
_d1651094